00412nam a2200157Ia 45000010006000000050017000060080041000230410008000640820018000721100041000902450070001312600009002013000028002106500008002386540008002462330320260414150928.0260414t2018||||xx |||||||||||||| ||spa|| aESP a628.9252bN27 aNational Fire Protection Association 0aNFPA 13 standard for the installation of sprinkler systems 2019b c2018 a540 páginas :c28 cm. aTCA aCII